Belice, con paso lento hacia la integración (entrevista al Primer Ministro Manuel Esquivel) /

Belice, país ubicado en la costa caribeña centroamericana, tradicionalmente ha sido olvidado por los demás países de la región esto obedece en buena medida a elementos históricos: fue la única colonia británica en Centroaméricay es el único país en Centroamérica cuyo idioma oficial es el inglés, lo...

وصف كامل

محفوظ في:
التفاصيل البيبلوغرافية
المؤلف الرئيسي: Quesada Quesada, Carlos
مؤلفون آخرون: Esquivel, Manuel
التنسيق: نص
الموضوعات:
الوسوم: إضافة وسم
لا توجد وسوم, كن أول من يضع وسما على هذه التسجيلة!

MARC

LEADER 00000 a a2200000 04500
001 2311
003
040
100 |a Quesada Quesada, Carlos  
245 |a Belice, con paso lento hacia la integración (entrevista al Primer Ministro Manuel Esquivel) /  |c Carlos Quesada Quesada ; Manuel Esquivel 
520 |a Belice, país ubicado en la costa caribeña centroamericana, tradicionalmente ha sido olvidado por los demás países de la región esto obedece en buena medida a elementos históricos: fue la única colonia británica en Centroaméricay es el único país en Centroamérica cuyo idioma oficial es el inglés, lo que ha reforzado la actitud de aislamiento en la cual se mantiene. Sin embargo, el Primer Ministro de este país Manuel Esquivel, indica que "Belice parece caminar con paso lento rumbo a la integración con sus vecinos más cercanos". Se agrega que comparten un problema común con los países centroamericanos: el déficit gubernamental. Se agrega que la composición étnica de Belice ha variado en los últimos años debido a dos factores: la inmigración de centroamericanos y la emigración de beliceños hacia Estados Unidos. Se señala que el principal problema que aqueja a esta sociedad es el desempleo, el cual se liga de forma directa con la crisis económica en México esto ha hecho que los negocios beliceños sean menos competitivos que los mexicanos, el comercio se ha deteriorado y no se ha creado empleo en el sector comercial lo que ha creado una crisis de confianza. Con respecto a la integración centroamericana se indica que este es un proceso lento en el cual Belice apenas comienza, pero se espera y se confía que traerá buenos resultados para ambas partes. REV//jmml  
650 |a INTEGRACION REGIONAL  
650 |a DISTRIBUCION DE LA POBLACION  
650 |a PLURALISMO CULTURAL  
650 |a PAISES EN DESARROLLO  
650 |a CONDICIONES DE VIDA  
650 |a INMIGRACION  
650 |a DERECHOS HUMANOS  
700 |a Esquivel, Manuel  
773 |g volumen 16, número 1; páginas 14-16  
999 |c 39037  |d 39037